Animales sudamericanos – ¡Muerte súbita! - Estadísticas

Estadísticas generales
  • Esta prueba ha sido intentada 96 veces
  • La puntuación promedio es 6 de 16
Answers on the Grid
Answers color-coded by a green-red scale on the quiz's grid according to % correct below.
Cerdo hormiguero
Anaconda
Cóndor andino
Bongo
Capibara
Coyote
Equidna
Zorro fénec
Oso hormiguero gigante
Gibón
Ñandú común
Guanaco
Mono aullador
Guacamayo jacinto
Jaguar
Cobra real
Dragón de Komodo
Lobo de crin
Tití
Orangután
Avestruz
Piraña
Panda rojo
Lémur de cola anillada
Oso de anteojos
Tapir
Perezosos tridáctilos
Tilapia
Tucán
Ualabí
Facóquero
Glotón
 
Estadísticas de respuestas
Respuesta % Correcto
Capibara
59%
Anaconda
57%
Tucán
57%
Jaguar
50%
Piraña
48%
Guacamayo jacinto
45%
Cóndor andino
41%
Tití
41%
Guanaco
36%
Oso hormiguero gigante
32%
Tapir
32%
Mono aullador
27%
Ñandú común
25%
Perezosos tridáctilos
18%
Oso de anteojos
16%
Lobo de crin
5%
No se encontraron pruebas coincidentes
Distribución de puntuación
Porcentaje de gente con cada puntuación
Porcentaje por número respondido
Historial de tus puntuaciones
No has intentado esta prueba.